00555 2200193 4500001002100000005001500021035002000036245010500056100001500161250000600176300003200182700001700214260003600231082001200267084001800279020002200297600002500319990001700344INLIS00000000000186620260114084918 a0010-01260000021 aIlmuwan Muslim :bAsy-Syarif Al-Idris Pembuat Globle Pertama /cRisma Dewi; Ilustrator, Joy Subarjah0 aRisma Dewi a- a18 hlm. :bilus. ;c17,5 cm0 aJoy Subarjah aBandung :bPelangi Mizan,c2021 a297.092 a297.092 RIS i a978-602-472-254-8 4aBiografi tokoh Islam a05457/H/2026